Central Library OPAC University of Rajshahi

Louis Riel / (Record no. 28310)

MARC details
000 -LEADER
fixed length control field 00820nam a2200265 4500
001 - CONTROL NUMBER
control field 28310
003 - CONTROL NUMBER IDENTIFIER
rucl marc code BD-RjUL
005 - DATE AND TIME OF LATEST TRANSACTION
control field 20211209051250.0
008 - FIXED-LENGTH DATA ELEMENTS--GENERAL INFORMATION
fixed length control field 140330r19721963onc b 001 0beng
020 ## - INTERNATIONAL STANDARD BOOK NUMBER
International Standard Book Number 0070929610
035 ## - SYSTEM CONTROL NUMBER
System control number (BD-RjUL)28391
040 ## - CATALOGING SOURCE
Original cataloging agency DLC
Transcribing agency DLC
Modifying agency DLC
-- WaU
-- BD-RjUL
Language of cataloging eng
041 ## - LANGUAGE CODE
Language code of text/sound track or separate title eng
082 00 - DEWEY DECIMAL CLASSIFICATION NUMBER
Classification number 971.0510924
Author mark and year STL 1972
100 1# - MAIN ENTRY--PERSONAL NAME
Personal name Stanley, George Francis Gillman.
9 (RLIN) 86705
245 00 - TITLE STATEMENT
Title Louis Riel /
Statement of responsibility, etc. George F. G. Stanley.
260 ## - PUBLICATION, DISTRIBUTION, ETC. (IMPRINT)
Place of publication, distribution, etc. Toronto ;
-- New York :
Name of publisher, distributor, etc. McGraw-Hill Ryerson,
Date of publication, distribution, etc. c1963 [Reprinted 1972].
300 ## - PHYSICAL DESCRIPTION
Pagination 431 p. ;
Size 22 cm.
504 ## - BIBLIOGRAPHY, ETC. NOTE
Bibliography, etc Includes bibliographical references and index.
600 10 - SUBJECT ADDED ENTRY--PERSONAL NAME
Personal name Riel, Louis,
Dates associated with a name 1844-1885.
650 #0 - SUBJECT ADDED ENTRY--TOPICAL TERM
Topical term or geographic name as entry element Revolutionaries
Geographic subdivision Canada
Form subdivision Biography.
9 (RLIN) 86707
942 ## - ADDED ENTRY ELEMENTS (KOHA)
Source of classification or shelving scheme Dewey Decimal Classification
Koha item type Books
Holdings
Lost status Source of classification or shelving scheme Damaged status Not for loan Collection code Permanent Location Current Location Shelving location Date acquired Source of acquisition Total Checkouts Full call number Date last seen Copy number Koha item type
  Dewey Decimal Classification   Added to bundle Non-fiction Central Library, University of Rajshahi Central Library, University of Rajshahi Reading Room 24/02/1985 Asia foundation   971.0510924 STL 1972 30/03/2014 C-1 Books